Llwytho...
Realisavum malayalanatakavum
| Fformat: | Dissertation |
|---|---|
| Pynciau: |
| LEADER | 00391nam a22001097a 4500 | ||
|---|---|---|---|
| 082 | |a REA/R |b 894.M207 | ||
| 245 | |a Realisavum malayalanatakavum | ||
| 300 | |a 114p. | ||
| 650 | |a Malayalam; MPhil. Thesis |9 316528 | ||
| 942 | |c BK | ||
| 999 | |c 76732 |d 76732 | ||
| 952 | |0 0 |1 0 |4 0 |6 894_000000000000000_M207_REA_R |7 0 |8 MPhil |9 90032 |a MAL |b MAL |d 2017-05-03 |e TE1849A |l 0 |o 894.M207 REA/R |p MALTE001849A |r 2017-05-03 |t 1 |w 2017-05-03 |y MD | ||